000 00480nam a2200181Ia 4500
003 OSt
005 20240926142303.0
008 220927b |||||||| |||| 00| 0 eng d
040 _aSDCL
_cSDCL
_beng
041 _2eng
_aeng
082 _aR M9
100 _aBali, Dev Raj
_9408789
245 0 _aIntroduction to philosophy .
260 _aNew Delhi:
_bSterling,
_c1989.
300 _av,266p.
942 _hR M9
_cTEXL
_2CC
999 _c745872
_d745872